| 000 | 00584nam a22001817a 4500 | ||
|---|---|---|---|
| 005 | 20180711120532.0 | ||
| 010 | _aENG-123441 | ||
| 020 |
_a9789386582812 _c350.00 |
||
| 035 | _aEN-106973 | ||
| 037 | _bDBAD/PUB. | ||
| 082 | _a915.4 | ||
| 100 | _aKipling, John Lockwood | ||
| 245 |
_aThe elephant in the temple : _cby John Lockwood Kipling _btales of beast and man in india / |
||
| 260 |
_aNew Delhi _bSpeaking Tiger _c2017 |
||
| 270 |
_a4381/4, Ansari Road, Daryaganj _bNew Delhi _e110002 |
||
| 300 |
_axii,291p. _b21cm(pbk) _cill. |
||
| 942 |
_2ddc _cEN _h915.4 _kKIP |
||
| 999 |
_c153818 _d153818 |
||